000 00379nam a2200157Ia 4500
008 210210b1875 xxu||||| |||| 00| 0 eng d
041 _aeng
082 _a550/11
100 _aHARTWING (G)
245 _aSubterranean world
260 _aLondon
_bLongmans Green and Company Limited
_c1875
650 _aworld
650 _aSubterranean
690 _aGeology
906 _a010155
999 _c137923
_d137923